UBT Library

A writer's resource : (Record no. 42826)

000 -LEADER
fixed length control field 00957cam a2200277 a 4500
001 - CONTROL NUMBER
control field 16826233
005 - DATE AND TIME OF LATEST TRANSACTION
control field 20180216080733.0
008 - FIXED-LENGTH DATA ELEMENTS--GENERAL INFORMATION
fixed length control field 110614s2011 nyuab b 001 0 eng
010 ## - LIBRARY OF CONGRESS CONTROL NUMBER
LC control number 2011025108
020 ## - INTERNATIONAL STANDARD BOOK NUMBER
International Standard Book Number 9780073384030 (pbk. : acidfree paper)
020 ## - INTERNATIONAL STANDARD BOOK NUMBER
International Standard Book Number 0073384038 (pbk. : acidfree paper)
020 ## - INTERNATIONAL STANDARD BOOK NUMBER
International Standard Book Number 9780077397357
020 ## - INTERNATIONAL STANDARD BOOK NUMBER
International Standard Book Number 0077397355
040 ## - CATALOGING SOURCE
Original cataloging agency DLC
Transcribing agency DLC
Modifying agency DLC
041 ## - LANGUAGE CODE
Language code of text/sound track or separate title eng
042 ## - AUTHENTICATION CODE
Authentication code pcc
080 ## - UNIVERSAL DECIMAL CLASSIFICATION NUMBER
Universal Decimal Classification number 808.042
082 00 - DEWEY DECIMAL CLASSIFICATION NUMBER
Classification number 808.042 MAI
Edition number 23
100 1# - Rafti
Rafti 46
101 ## - Shkurtesa
Shkurtesa EDU
245 12 - TITLE STATEMENT
Title A writer's resource :
Statement of responsibility, etc Elaine P. Maimon, Janice H. Peritz, Kathleen Blake Yancey.
504 ## - BIBLIOGRAPHY, ETC. NOTE
Bibliography, etc Includes bibliographical references and index.
906 ## - LOCAL DATA ELEMENT F, LDF (RLIN)
a 7
b cbc
c orignew
d 1
e ecip
f 20
g y-gencatlg
942 ## - ADDED ENTRY ELEMENTS (KOHA)
Source of classification or shelving scheme
Item type Books
Holdings
Withdrawn status Lost status Source of classification or shelving scheme Damaged status Not for loan Collection code Permanent location Current location Shelving location Date acquired Total Checkouts Full call number Barcode Date last seen Price effective from Koha item type
          Koleksioni i përgjithshem UBT - Lipjan UBT - Lipjan Koleksioni i përgjithshem 02/16/2018   808.042 MAI 002-2998803 02/16/2018 02/16/2018 Books
UBT Library © 2015-2024. All rights reserved University Education for Business and Technology